000 00327nam a2200133Ia 4500
005 20260326235501.0
008 260326s9999||||xx |||||||||||||| ||und||
100 _aKramer, Sibylle
245 0 _aTown Houses and more /
_cSibylle Kramer
260 _bBraun
300 _a255 p.
650 _aARQUITECTURA RESIDENCIAL
942 _cBK
999 _c8076
_d8076